O kim mowa? Quiz historyczny poziom podstawowy - Statystyki

Ogólne statystyki
  • Ten quiz został rozwiązany 216 razy
  • Średni wynik to 16 z 20
Statystyki odpowiedzi
Opis Osoba % Poprawnych
Jeden z trzech wieszczów polskich, twórca polskiej epopei narodowej. Adam Mickiewicz
96%
Wynalazca dynamitu, fundator nagrody jego imienia, dla wybitnych naukowców. Alfred Nobel
95%
Rzymski wódz i polityk, a ostatecznie dyktator. Został zdradzony i zamordowany przez senatorów. Juliusz Cezar
94%
Angielski fizyk i matematyk, odkrywca trzech zasad dynamiki i prawa powszechnego ciążenia. Isaac Newton
92%
Amerykański mąż stanu, dowódca Armii Kontynentalnej. Pierwszy prezydent Stanów Zjednoczonych. George Washington
91%
Dwukrotna laureatka nagrody Nobla z chemii i fizyki, pionierka w dziedzinie badań nad promieniotwórczością. Założycielka Instytutu Radowego. Maria Skłodowska-Curie
91%
Urodzony na Korsyce wybitny dowódca wojskowy, cesarz Francuzów. Napoleon Bonaparte
90%
Lider Rewolucji Październikowej, a później przywódca Rosji Radzieckiej. Włodzimierz Lenin
90%
Niemiecki reformator religijny, autor 95 tez krytykujących postępowanie Kościoła. Marcin Luter
88%
Amerykański astronauta, dowódca misji Apollo 11, pierwszy człowiek na Księżycu. Neil Armstrong
87%
Fizyk, zdobywca nagrody Nobla m.in. opis prawa efektu fotoelektrycznego. Twórca szczególnej teorii względności. Albert Einstein
83%
Malarz postimpresjonistyczny. Jego twórczość wywarła wpływa na sztukę w XX wieku. Znany z obcięcia sobie lewego ucha. Vincent van Gogh
83%
Najważniejszy islamski prorok, założyciel wspólnoty religijnej. Mahomet
79%
Genialny wynalazca, zwolennik wykorzystania prądu przemiennego, rywal T. Edisona. Nikola Tesla
75%
Hinduski prawnik, pacyfista. Propagator nieposłuszeństwa obywatelskiego wobec Brytyjczyków. Mahatma Gandhi
71%
Żelazna dama, jedna z najwybitniejszych postaci brytyjskiej sceny politycznej, premier Wielkiej Brytanii w latach 80. Margaret Thatcher
69%
Król Sparty, stawił czoła Persom w wąwozie Termopile. Leonidas
67%
Urodzona w Szczecinie, księżniczka anhalcka, żona rosyjskiego cesarza Piotra III. W wyniku zamachu stanu przejęła władzę, wprowadzając Rosję w złotą erę. Katarzyna II Wielka
62%
Wenecki kupiec i podróżnik. Jeden z pierwszych Europejczyków, który dotarł do Chin. Marco Polo
53%
Słynny austriacki lekarz, twórca psychoanalizy. Sigmund Freud
51%
Nie znaleziono quizów pasujących do podanych kryteriów
Rozkład punktacji
Procent ludzi z każdym wynikiem
Percentyl według liczby udzielonych odpowiedzi
Twoja historia wyników
Nie rozwiązałeś tego quizu